Economics of Transition and Institutional Change

Guardado en:
Detalles Bibliográficos
Formato: Seriadas
Lenguaje:inglés
Publicado: Oxford John Wiley & Sons Ltd 2022
Etiquetas: Agregar Etiqueta
Sin Etiquetas, Sea el primero en etiquetar este registro!

MARC

LEADER 00000nas2a2200000 4500
001 0280838
005 20220111112757.4
022 |a 2577-6975 
041 0 |a eng 
044 |a GB 
245 1 0 |a Economics of Transition and Institutional Change 
264 1 |a Oxford  |b John Wiley & Sons Ltd  |c 2022 
773 0 |w eu_un_cat*s120443